书目信息 |
| 题名: |
舌尖上的美食
|
|
| 作者: | 杨建峰 主编 | |
| 分册: | ||
| 出版信息: | 汕头 汕头大学出版社 2013 |
|
| 页数: | 20,416页 | |
| 开本: | 29cm | |
| 丛书名: | ||
| 单 册: | ||
| 中图分类: | TS972.13 , TS972.142 , TS972.1 | |
| 科图分类: | ||
| 主题词: | 主食--食谱--中国 , 风味小吃--食谱--中国 , 主食 , 食谱 , 风味小吃 | |
| 电子资源: | ||
| ISBN: | 978-7-5658-1091-6 | |
| 000 | 00957nam0 2200313 450 | |
| 001 | 2276616597 | |
| 005 | 20220930211721.04 | |
| 010 | @a978-7-5658-1091-6@dCNY59.00 | |
| 090 | @aTS972.1@byjf | |
| 100 | @a20140429d2013 em y0chiy50 ea | |
| 101 | 0 | @achi |
| 102 | @aCN@b440000 | |
| 105 | @ay z 000yy | |
| 200 | 1 | @a舌尖上的美食@9she jian shang de mei shi@e主食小吃6000例@f杨建峰主编 |
| 210 | @a汕头@c汕头大学出版社@d2013 | |
| 215 | @a20,416页@d29cm | |
| 330 | @a本书精选了几千道营养美味的主食和小吃,原料取材方便、制作过程简单易行,可使读者快速掌握制作要点。 | |
| 517 | 1 | @a主食小吃6000例@9zhu shi xiao chi 6000 li |
| 606 | 0 | @a主食@x食谱@y中国 |
| 606 | 0 | @a风味小吃@x食谱@y中国 |
| 606 | 0 | @a主食 |
| 606 | 0 | @a食谱 |
| 606 | 0 | @a风味小吃 |
| 690 | @aTS972.13@v5 | |
| 690 | @aTS972.142@v5 | |
| 690 | @aTS972.1@v4 | |
| 701 | 0 | @a杨建峰@9yang jian feng@c(图书编辑)@4主编 |
| 801 | 0 | @aCN@bNLC@c20140429 |
| 905 | @aZUCC@dTS972.1@e274 | |
| 舌尖上的美食:主食小吃6000例/杨建峰主编.-汕头:汕头大学出版社,2013 |
| 20,416页;29cm |
| ISBN 978-7-5658-1091-6:CNY59.00 |
| 本书精选了几千道营养美味的主食和小吃,原料取材方便、制作过程简单易行,可使读者快速掌握制作要点。 |
| ● |
| 相关链接 |
|
|
|
正题名:舌尖上的美食
索取号:TS972.1/274
 
预约/预借
| 序号 | 登录号 | 条形码 | 馆藏地/架位号 | 状态 | 备注 |
| 1 | 2000909677 | 2000909677 | 第三书库/ [索取号:TS972.1/274] | 在馆 | |
| 2 | 2000909678 | 2000909678 | 第三书库/ [索取号:TS972.1/274] | 在馆 | |
| 3 | 2000909679 | 2000909679 | 第三书库/ [索取号:TS972.1/274] | 在馆 |